<?xml version="1.0" encoding="UTF-8"?>
<collection xmlns="http://www.loc.gov/MARC21/slim">
 <record>
  <leader>00463pamaa2200169   4500</leader>
  <controlfield tag="001">0000031589</controlfield>
  <controlfield tag="005">20060523090000.0</controlfield>
  <datafield tag="020" ind1="0" ind2="0">
   <subfield code="a">053458067X </subfield>
  </datafield>
  <datafield tag="082" ind1=" " ind2=" ">
   <subfield code="a">160 EPS 2002</subfield>
  </datafield>
  <datafield tag="090" ind1="0" ind2="0">
   <subfield code="a">BF441 </subfield>
   <subfield code="b">EPS 2002</subfield>
  </datafield>
  <datafield tag="100" ind1="1" ind2="0">
   <subfield code="a">EPSTEIN </subfield>
  </datafield>
  <datafield tag="245" ind1="1" ind2="0">
   <subfield code="a">Critical thinking  </subfield>
   <subfield code="c">Richard L. Epstein; illustrated by Alex Raffi.</subfield>
  </datafield>
  <datafield tag="250" ind1="0" ind2="0">
   <subfield code="a">2nd ed.</subfield>
  </datafield>
  <datafield tag="260" ind1="0" ind2="0">
   <subfield code="a">Belmont: </subfield>
   <subfield code="b">Wadsworth Pub. Comp., </subfield>
   <subfield code="c">2002.</subfield>
  </datafield>
  <datafield tag="300" ind1=" " ind2=" ">
   <subfield code="a">446p.: </subfield>
   <subfield code="b">ill.; </subfield>
   <subfield code="c">26cm.</subfield>
  </datafield>
  <datafield tag="650" ind1="0" ind2="0">
   <subfield code="a">Critical thinking </subfield>
  </datafield>
  <datafield tag="700" ind1="1" ind2="1">
   <subfield code="a">Raffi, </subfield>
   <subfield code="h">Alex </subfield>
  </datafield>
 </record>
</collection>
